000 00859nam a2200253Ia 4500
003 OSt
005 20220930063920.0
006 a|||||r|||| 00| 0
007 ta
008 220926b |||||||| |||| 00| 0 eng d
024 _a3475
037 _cTheses
040 _aCRL
_cCRL
_beng
041 _2eng
_aeng
100 _aDatta Praveen
_9523703
110 _aUniversity of Delhi. Faculty of Medical Sciences. Department of Radiodiagnosis
_9519344
245 0 _aMeasurement of common bile duct on endoscopic retrograde cholangiogram in onbstructive jaundice
260 _c1986
650 _aDIAGNOSIS
_9519345
700 _a Dr S R Sharma Supervisor
_9523704
700 _aUniversity of Delhi. Faculty of Medical Sciences. Department of Radiodiagnosis
_9519347
942 _cDIS
_2CC
999 _c857469
_d857469